It looks like you're offline.
Open Library logo
additional options menu

MARC Record from Talis

Record ID talis_openlibrary_contribution/talis-openlibrary-contribution.mrc:594040727:417
Source Talis
Download Link /show-records/talis_openlibrary_contribution/talis-openlibrary-contribution.mrc:594040727:417?format=raw

LEADER: 00417cam a2200157 a 4500
001 89a1601f81d84500a169c0e4c25cac8a
003 UK-BiTAL
005 20050705123309.0
008 870818s1972 xxk | 000 ||und|d
020 $a0450011860
035 $a()0450011860
040 $aUK-BiTAL$cUK-BiTAL$dUK-BiTAL
100 1 $aBurroughs, Edgar Rice.
245 10 $aPrincess of Mars.
260 $bNew Eng. Lib,$cAug 72.
300 $asC8.160. n.e.